LIBRARY & INFORMATION CENTRE, KCAET, TAVANUR

ONLINE PUBLIC ACCESS CATALOGUE (OPAC)

Matham Mathabhranth Mathetharathwam | മതം മതഭ്രാന്ത് മതേതരത്വം (Record no. 17621)

MARC details
000 -LEADER
fixed length control field 00452nam a22001577a 4500
003 - CONTROL NUMBER IDENTIFIER
control field OSt
008 - FIXED-LENGTH DATA ELEMENTS--GENERAL INFORMATION
fixed length control field 230221b |||||||| |||| 00| 0 eng d
041 ## - LANGUAGE CODE
Language code of text/sound track or separate title mal
082 ## - DEWEY DECIMAL CLASSIFICATION NUMBER
Classification number 211.6
Item number JAL/MA
100 ## - MAIN ENTRY--AUTHOR NAME
Personal name Jaleel, K.T
245 ## - TITLE STATEMENT
Title Matham Mathabhranth Mathetharathwam
Remainder of title മതം മതഭ്രാന്ത് മതേതരത്വം
250 ## - EDITION STATEMENT
Edition statement 4th
260 ## - PUBLICATION, DISTRIBUTION, ETC. (IMPRINT)
Place of publication Thiruvananthapuram
Name of publisher Chintha Publishers
Year of publication 2022
300 ## - PHYSICAL DESCRIPTION
Number of Pages 184
942 ## - ADDED ENTRY ELEMENTS (KOHA)
Koha item type Books
Holdings
Withdrawn status Lost status Damaged status Home library Current library Date acquired Source of acquisition Cost, normal purchase price Full call number Accession Number Koha item type
      KAUAET KAUAET 21/02/2023 Donated by KT Jaleel MLA 230.00 211.6 JAL/MA 26109 Books
      KAUAET KAUAET 02/09/2025 Donated by KT Jaleel MLA 230.00 211.6 JAL/MA 26302 Books
free website counter